zpět

Detail výsledku týmu

A-Sport, Hradec Králové

Datum a čas kvízu

16.5 Celkem bodů Celkový počet nahraných bodů na tomto kvízu bez doplňovacích otázek.
12. Pořadí na kvízu Konečné umístění týmu na tomto kvízu.

Zaznamenané odpovědi

# Otázka Odpověď Body Výsledky
1. Ve čtvrtek byly zveřejněny výs... Václav Havel, Václav Klaus, Petr Pavel 1
2. Ve čtvrtek jsme si připomněli... Myanmar (Barma) 0
3. Napište jména známého muže a ž... Jeff Bezos, Lauren Sánchez 0.5
4. Jak se jmenuje nově zvolený ge... Hynek Chudárek 0
5. Minulý týden jsme zažili zcela... Boca Juniors 0
6. Jedna z nejúspěšnějších filmov... Chris Pine, William Shatner 0
7. Napište český název závěrečnéh... Pařba na třetí 0
8. Seřaďte jednotlivé díly filmov... 1D 2C 3B 4A 0
9. Kdo z uvedených herců nebo her... B 0
10. Závěrem se podíváme blíže na H... z hadů 0